000 00723nam a2200193 i 4500
001 149598
003 ES-MaACL
005 20230906203152.0
007 t|
008 071023s1947 ag ||||1| spa d
100 1 _aVasconcelos, Edmundo.
_9113267
245 1 0 _aMétodos modernos de amputación /
_cpor Edmundo Vasconcelos ; con la colaboración de Edgardo Pinto Souza ; José Gonçalves (hijo) dibujante ; traducción del portugués por Francisco J. Cortada.
260 _aBuenos Aires :
_bLabor,
_c1947.
300 _aXI, 281 p. :
_bil. ;
_c27 cm.
700 1 _aSouza, Edgardo Pinto.
_9107608
700 1 _aGonçalves, José.
_958221
700 1 _aCortada, Francisco J.
_940807
852 _aES-MaACL
_jE-328
_bR.26960
999 _c149598
_d149598